Church History 2: Setback and Recovery: (Record no. 13362)
[ view plain ]
| 000 -LEADER | |
|---|---|
| fixed length control field | 01177nam a2200265 4500 |
| 001 - CONTROL NUMBER | |
| control field | 13362 |
| 005 - DATE AND TIME OF LATEST TRANSACTION | |
| control field | 20251001092602.0 |
| 008 - FIXED-LENGTH DATA ELEMENTS--GENERAL INFORMATION | |
| fixed length control field | 251001b |||||||| |||| 00| 0 eng d |
| 020 ## - INTERNATIONAL STANDARD BOOK NUMBER | |
| International Standard Book Number | 0281027897 |
| 020 ## - INTERNATIONAL STANDARD BOOK NUMBER | |
| International Standard Book Number | 9780281027897 |
| 040 ## - CATALOGING SOURCE | |
| Original cataloging agency | BSULIB |
| 082 ## - DEWEY DECIMAL CLASSIFICATION NUMBER | |
| Classification number | 270 |
| Item number | FOS |
| 100 ## - MAIN ENTRY--PERSONAL NAME | |
| Personal name | Foster, John |
| 9 (RLIN) | 25957 |
| 245 ## - TITLE STATEMENT | |
| Title | Church History 2: Setback and Recovery: |
| Remainder of title | AD 500 - 1500/ |
| Statement of responsibility, etc | John Foster |
| 260 ## - PUBLICATION, DISTRIBUTION, ETC. (IMPRINT) | |
| Place of publication, distribution, etc | London: |
| Name of publisher, distributor, etc | SPCK; |
| Date of publication, distribution, etc | 1989. |
| 300 ## - PHYSICAL DESCRIPTION | |
| Extent | xiv, 202p. |
| Other physical details | ill. |
| Dimensions | 22cm |
| 440 ## - SERIES STATEMENT/ADDED ENTRY--TITLE | |
| Title | TEF 8 |
| 9 (RLIN) | 25964 |
| 505 ## - FORMATTED CONTENTS NOTE | |
| Formatted contents note | setback in the West: Fall of the Western Roman Empire --Setback in the East: Rise of Islam and Arab Invasions --The church and the Anglo-Saxons --The church of the East reaches China --The Franks and the Pope: The Greek church and the Slavs --Muslims, Mongols, Crusades and Friars --Church Life in the middle Ages --Schoolmen and universities --Popes in power: the dea of Christendom --Movements for Reform --More setbacks --Prospects of a New Age: New Learning and a new world |
| 650 ## - SUBJECT ADDED ENTRY--TOPICAL TERM | |
| Source of heading or term | Church history |
| 650 ## - SUBJECT ADDED ENTRY--TOPICAL TERM | |
| Source of heading or term | Crusades |
| 650 ## - SUBJECT ADDED ENTRY--TOPICAL TERM | |
| Source of heading or term | Popes and Christendom |
| 650 ## - SUBJECT ADDED ENTRY--TOPICAL TERM | |
| Source of heading or term | |Anglo-Saxons |
| 650 ## - SUBJECT ADDED ENTRY--TOPICAL TERM | |
| Source of heading or term | Movements for reform |
| 942 ## - ADDED ENTRY ELEMENTS (KOHA) | |
| Source of classification or shelving scheme | Dewey Decimal Classification |
| Item type | Books |
| Withdrawn status | Lost status | Source of classification or shelving scheme | Damaged status | Not for loan | Home library | Current library | Shelving location | Date acquired | Source of acquisition | Inventory number | Total Checkouts | Full call number | Barcode | Date last seen | Copy number | Price effective from | Koha item type | Public note |
|---|---|---|---|---|---|---|---|---|---|---|---|---|---|---|---|---|---|---|
| Dewey Decimal Classification | Main Library | Main Library | Reserve Book Section | 01/10/2025 | Purchase | 10875 | 270 FOS | bsu25100010 | 01/10/2025 | 001 | 01/10/2025 | Books | Material available in hard copy |